| 000 | 00816cam a22002533a 4500 | ||
|---|---|---|---|
| 001 | 21350 | ||
| 003 | PGUSA | ||
| 005 | 20140828083444.0 | ||
| 008 | 070507s2007||||xxu|||||s|||||000 | eng d | ||
| 040 |
_aPGUSA _beng |
||
| 042 | _adc | ||
| 050 | 4 | _aPR | |
| 100 | 1 |
_aUdall, Nicholas, _d1505-1556 |
|
| 245 | 1 | 0 |
_aRoister Doister : _bWritten, probably also represented, before 1553. Carefully edited from the unique copy, now at Eton College _h[electronic resource] / _cNicholas Udall |
| 260 |
_bProject Gutenberg, _c2007 |
||
| 506 | _aPublic domain in the USA. | ||
| 516 | _aElectronic text | ||
| 653 | _aEnglish drama (Comedy) | ||
| 700 | 1 |
_aArber, Edward, _d1836-1912 |
|
| 740 | 0 | _aRalph Roister Doister | |
| 830 | 0 |
_aProject Gutenberg _v21350 |
|
| 856 | 4 | 0 | _uhttp://www.gutenberg.org/ebooks/21350 |
| 942 | _cEB | ||
| 999 |
_c250605 _d250605 |
||